| 000 | 01246nam a2200361 a 4500 | ||
|---|---|---|---|
| 001 | 000110598 | ||
| 003 | CHAP | ||
| 005 | 20230323062615.0 | ||
| 008 | 140917s2005 ck |sf |||||||spa d | ||
| 010 | _a107060 | ||
| 011 | _a108032 | ||
| 040 | _cCHAP | ||
| 090 | _aCD-400 v.8 | ||
| 245 | 0 | 0 |
_aLombricultura - Características _h[DVD] _cpor Fundación Hogares Juveniles Campesinos; coordinador Luis Carlos Muñoz. |
| 260 |
_aBogotá, Col. : _bGranita, _c2005. |
||
| 300 | _a1 DVD. | ||
| 490 | 1 |
_aVideoteca del campo _pGranja Integral Autosuficiente |
|
| 590 |
_aE6096MTM _b05 _c20140917 _lUCH01 _h1124 |
||
| 590 |
_aE6096MTM _b05 _c20140917 _lUCH01 _h1126 |
||
| 590 |
_aE6096MTM _b05 _c20140917 _lUCH01 _h1127 |
||
| 590 |
_aE6096MTM _b05 _c20140917 _lUCH01 _h1400 |
||
| 590 |
_aE6096MTM _b05 _c20140918 _lUCH01 _h0941 |
||
| 590 |
_aE6096MTM _b05 _c20140919 _lUCH01 _h1211 |
||
| 590 |
_aE6096MTM _b05 _c20140919 _lUCH01 _h1226 |
||
| 650 | 1 | 4 |
_aAgricultura orgánica. _92005 |
| 650 | 1 | 4 |
_aLombricultura. _9124769 |
| 700 | 1 |
_aMuñoz, Luis Carlos _bcoord. _9175599 |
|
| 710 | 2 |
_aFundación Hogares Juveniles Campesinos _9128381 |
|
| 830 | 0 |
_aVideoteca del campo _pGranja Integral Autosuficiente _v8 _9128383 |
|
| 901 | _aBK | ||
| 942 | _cCD | ||
| 942 | _n0 | ||
| 999 |
_c107060 _d107060 |
||